000 01015nac a2200265 a 4500
005 20180803170357.0
008 170322s1997 ck ad|||r|||| 00| 0 spa d
022 _a0123-2401
040 _aCO-BoIAVH
_cCO-BoIAVH
041 0 _aspa
044 _ack
082 0 4 _a354.33071
_bM66m
245 0 0 _aMetodologías de evaluación del impacto ambiental /
260 _aBogotá (Colombia) :
_bMinisterio de Medio Ambiente :
_bICFES,
_c1997.
300 _a156 páginas :
_biustraciones y tablas ;
_c24 x 17 cm.
490 0 _aMemorias ;
_v1
500 _aEn "Proyecto capacitación para profesionales del sector ambiental"
504 _aIncluye referencias bibliográficas.
650 2 6 _aGestión ambiental
_zColombia
650 2 6 _aEvaluación del impacto ambiental.
_zColombia
650 2 6 _aPolución
_zColombia
710 1 _aColombia
_bMinisterio del Medio Ambiente
710 2 _aInstituto Colombiano para el Fomento de la Educación Superior - ICFES
942 _2ddc
_cLIBRO
999 _c19417
_d19417